000 00375 a2200157 4500
001 14384
020 _a9788587607744
040 _cAnchieta - Aquarius
100 _aNunes, Nadja
240 1 0 _aA menina que tinha medo de vento
_lpor
245 1 0 _aA menina que tinha medo de vento
300 _a33p.
362 0 _a2010
650 4 _aLiteratura infanto-juvenil
942 _cBK
999 _c14384
_d14384